Normal view
MARC view
Entry Geographic Name
001 - CONTROL NUMBER
- control field: 83191
003 - CONTROL NUMBER IDENTIFIER
- control field: OSt
005 - DATE AND TIME OF LATEST TRANSACTION
- control field: 20250511175556.0
008 - FIXED-LENGTH DATA ELEMENTS
- fixed length control field: 250511|| aca||aabn | a|a d
040 ## - CATALOGING SOURCE
- Original cataloging agency: OSt
- Transcribing agency: OSt
151 ## - HEADING--GEOGRAPHIC NAME
- Geographic name: Childre book
670 ## - SOURCE DATA FOUND
- Source citation: Work cat.: (OSt)67972: kAHTA 83190, Hanuman's Adventure in Nether World, 2005









